[Event "Rennes op"]
[Site "Rennes"]
[Date "2012.04.08"]
[Round "3.5"]
[White "Jouneau, Quentin"]
[Black "Minvielle, Vincent"]
[Result "0-1"]
[WhiteElo "2006"]
[BlackElo "1860"]
[PlyCount "98"]
[EventDate "2012.04.07"]
[EventType "swiss"]
[EventRounds "6"]
[EventCountry "FRA"]
[SourceTitle "EXT 2014"]
[Source "ChessBase"]
[SourceDate "2013.11.20"]
[SourceVersion "1"]
[SourceVersionDate "2013.11.20"]
[SourceQuality "1"]

1. e4 c5 2. Nf3 d6 3. d4 cxd4 4. Nxd4 Nf6 5. Nc3 e5 6. Ndb5 Be7 7. Bg5 a6 8. Na3 b5 9. Bxf6 Bxf6 10. Nd5 Bg5 11. Bd3 0-0 12. h4 Bh6 13. g4 Bf4 14. Qf3 Nc6 15. Nxf4 Qa5+ 16. Kf1 exf4 17. Qxf4 Ne5 18. Be2 Qb4 19. Rh3 Qxb2 20. Rd1 Qb4 21. h5 f5 22. Rb3 Qxe4 23. Qxe4 fxe4 24. Rxd6 Bxg4 25. Rg3 Bxe2+ 26. Kxe2 Rf3 27. Rxf3 exf3+ 28. Ke3 b4 29. Kf4 Nf7 30. Rb6 bxa3 31. c4 Nd8 32. Kxf3 Kf7 33. Ke4 Ne6 34. Ke5 Nc5 35. Rc6 Nd3+ 36. Kf5 Nxf2 37. Rc7+ Kf8 38. h6 g6+ 39. Ke6 Kg8 40. Rd7 Ne4 41. Ke7 Rc8 42. Ra7 Nc5 43. Kd6 Kh8 44. Re7 g5 45. Re5 g4 46. Re3 g3 47. Re2 Rg8 48. Rg2 Nd3 49. c5 Nf4 0-1

[Event "Rennes op"]
[Site "Rennes"]
[Date "2012.04.08"]
[Round "4.2"]
[White "Lejarre, Ludovic"]
[Black "Minvielle, Vincent"]
[Result "1-0"]
[WhiteElo "2369"]
[BlackElo "1860"]
[PlyCount "75"]
[EventDate "2012.04.07"]
[EventType "swiss"]
[EventRounds "6"]
[EventCountry "FRA"]
[SourceTitle "EXT 2014"]
[Source "ChessBase"]
[SourceDate "2013.11.20"]
[SourceVersion "1"]
[SourceVersionDate "2013.11.20"]
[SourceQuality "1"]

1. e4 c5 2. Nf3 d6 3. c3 Nf6 4. h3 Bd7 5. Bd3 b5 6. 0-0 Qc8 7. Re1 e5 8. Bf1 Be7 9. d4 cxd4 10. cxd4 Nc6 11. Bxb5 exd4 12. Nxd4 0-0 13. Nc3 Nxd4 14. Bxd7 Qxd7 15. Qxd4 Qe6 16. Bg5 h6 17. Bf4 Rfc8 18. e5 Rc4 19. Qd3 Rxf4 20. exf6 Qxf6 21. Nd5 Qxb2 22. Nxf4 Bf6 23. Rab1 Qxa2 24. Qxd6 Kh7 25. Rb7 Rd8 26. Rd7 Rc8 27. Qd3+ Kg8 28. Nd5 Qa5 29. Nxf6+ gxf6 30. Ree7 Rc1+ 31. Kh2 Qg5 32. Re8+ Kg7 33. Rxf7+ Kxf7 34. Qd7+ Kg6 35. Rg8+ Kh5 36. Qg4+ Qxg4 37. hxg4+ Kh4 38. g3# 1-0

[Event "Montigny le Bretonneux Noel op 14th"]
[Site "Montigny le Bretonneux"]
[Date "2011.12.28"]
[Round "4.6"]
[White "Fruchard, Cyrille"]
[Black "Minvielle, Vincent"]
[Result "0-1"]
[WhiteElo "1821"]
[BlackElo "1499"]
[PlyCount "22"]
[EventDate "2011.12.26"]
[EventType "swiss"]
[EventRounds "7"]
[EventCountry "FRA"]
[SourceTitle "EXT 2014"]
[Source "ChessBase"]
[SourceDate "2013.11.20"]
[SourceVersion "1"]
[SourceVersionDate "2013.11.20"]
[SourceQuality "1"]

1. d4 Nf6 2. c4 e5 3. dxe5 Ne4 4. Nd2 Bb4 5. Qc2 d5 6. a3 Bxd2+ 7. Bxd2 Bf5 8. Qa4+ Nc6 9. Rd1 0-0 10. Nf3 Qd7 11. Be3 Nd4 0-1